Guerras de Flandes (Record no. 165803)
[ view plain ]
| 000 -LEADER | |
|---|---|
| campo de control de longitud fija | 01437nam a22002535i 4500 |
| 001 - NÚMERO DE CONTROL | |
| campo de control | 165803 |
| 003 - IDENTIFICADOR DE NÚMERO DE CONTROL | |
| campo de control | ES-MaACL |
| 005 - FECHA Y HORA DE LA ÚLTIMA TRANSACCIÓN | |
| campo de control | 20250728063135.0 |
| 008 - DATOS DE LONGITUD FIJA--INFORMACIÓN GENERAL | |
| campo de control de longitud fija | 950206s1748 be |||| | spa d |
| 040 ## - FUENTE DE CATALOGACIÓN | |
| Centro catalogador/agencia de origen | AN |
| Lengua de catalogación | spa |
| Centro/agencia transcriptor | CCPB | PA2 |
| 100 1# - ENTRADA PRINCIPAL--NOMBRE DE PERSONA | |
| Nombre de persona | Strada, Famiano, |
| Fechas asociadas al nombre | 1572-1649 |
| 9 (RLIN) | 132919 |
| 245 10 - MENCIÓN DEL TÍTULO | |
| Título | Guerras de Flandes |
| Resto del título | : segunda decada, desde el principio del govierno de Alexandro Farnese... / |
| Mención de responsabilidad, etc. | escriviólas en latin el R.P. Famiano Estrada de la Compañia de Jesus y las traduxò en romance el R.P. Melchior de Novar, de la misma Compañia ; Tomo II, part. II. |
| 250 ## - MENCION DE EDICION | |
| Mención de edición | Nueva edicion, enriquecida con lindissimas estampas, en la qual se enmendaron essenciales erratas. |
| 260 ## - PUBLICACIÓN, DISTRIBUCIÓN, ETC. | |
| Lugar de publicación, distribución, etc. | En Amberes : |
| Nombre del editor, distribuidor, etc. | por Marcos-Miguel Bousquet y compañia, |
| Fecha de publicación, distribución, etc. | 1748. |
| 300 ## - DESCRIPCIÓN FÍSICA | |
| Extensión | [2], p. 353-832, [5] h. de grab. ; |
| Dimensiones | 12" |
| 595 ## - | |
| -- | Mención de ed. precede a: "tomo II, part. II" |
| 597 ## - NOTA DE DESCRIPCIÓN FÍSICA | |
| NOTA DE DESCRIPCIÓN FÍSICA | Sign.: [ ]1, Q10, R-2M12, 2N1. |
| 599 ## - NOTA A LAS ILUSTRACIONES | |
| NOTA A LAS ILUSTRACIONES | Las h. de grab. calc.: "En casa de Bousquet", dos de ellos retratos, y tres pleg., escenas de batallas. |
| 651 #0 - PUNTO DE ACCESO ADICIONAL DE MATERIA--NOMBRE GEOGRÁFICO | |
| Nombre geográfico | Países Bajos- |
| Subdivisión general | Historia- |
| Subdivisión cronológica | 1556-1648 (Guerras de la Independencia) |
| 9 (RLIN) | 241409 |
| 700 11 - ENTRADA AGREGADA--NOMBRE PERSONAL | |
| Nombre de persona | Novar, Melchor de |
| Títulos y otros términos asociados al nombre | (S.I.), |
| Fechas asociadas al nombre | 1629-1707 |
| 9 (RLIN) | 130535 |
| 852 ## - LOCALIZACIÓN | |
| Ubicación | ES-MaACL |
| Número de control de estantería | R-1497 |
| Nota libre | -- Enc. piel |
| -- | -- Ex-libris de la Biblioteca del Rey N. Señor |
| -- | Sello con la leyenda "Inventariado por las Cortes, 1874" |
| -- | -- Olim: G-13943-49 |
| Estatus retirado | Estado de pérdida | Estado de daño | No para préstamo | Colección | Biblioteca de origen | Biblioteca actual | Ubicación en estantería | Fecha de adquisición | Fuente de adquisición | Total de préstamos | Signatura topográfica completa | Código de barras | Visto por última vez | Precio de reemplazo | Tipo de ítem Koha |
|---|---|---|---|---|---|---|---|---|---|---|---|---|---|---|---|
| Libros del s. XVIII | Biblioteca del Ateneo de Madrid | Biblioteca del Ateneo de Madrid | Depósito | 17/01/2008 | R-1497 | 1173881 | 23/02/2023 | 23/02/2023 | Libro impreso antiguo |
